000 00246 a2200097 4500
999 _c322946
_d322946
001 87873
003 NUST
005 20180124143927.0
008 180124b xxu||||| |||| 00| 0 eng d
082 _a891.439 MUN
245 _aMohabbat ki Aik so aik Nazmein
_cMunno Bhai
_hurdu
260 _alahore
_bSang-e-Meel
942 _aCAE NUST
_cBK
_k891.439 MUN
_2ddc